Indian Journal of Pure and Applied Mathematics (Record no. 11834)

MARC details
000 -LEADER
fixed length control field 00516nas a22001817a 4500
003 - CONTROL NUMBER IDENTIFIER
control field OSt
005 - DATE AND TIME OF LATEST TRANSACTION
control field 20230216122401.0
008 - FIXED-LENGTH DATA ELEMENTS--GENERAL INFORMATION
fixed length control field 230216b ||||| |||| 00| 0 eng d
022 ## - INTERNATIONAL STANDARD SERIAL NUMBER
Source 0019-5588
040 ## - CATALOGING SOURCE
Transcribing agency NA
082 ## - DEWEY DECIMAL CLASSIFICATION NUMBER
Classification number 500
245 ## - TITLE STATEMENT
Title Indian Journal of Pure and Applied Mathematics
Statement of responsibility, etc Indian National Science Academy
Medium English
260 ## - PUBLICATION, DISTRIBUTION, ETC. (IMPRINT)
Place of publication, distribution, etc New Delhi
Name of publisher, distributor, etc Indian National Science Academy
310 ## - CURRENT PUBLICATION FREQUENCY
Current publication frequency Quaterly
650 ## - SUBJECT ADDED ENTRY--TOPICAL TERM
Topical term or geographic name as entry element Physics
856 ## - ELECTRONIC LOCATION AND ACCESS
Uniform Resource Identifier <a href="https://www.springer.com/journal/13226">https://www.springer.com/journal/13226</a>
942 ## - ADDED ENTRY ELEMENTS (KOHA)
Source of classification or shelving scheme Dewey Decimal Classification
Koha item type Periodicals
Serial record 1
Holdings
Withdrawn status Lost status Source of classification or shelving scheme Damaged status Not for loan Home library Current library Shelving location Date acquired Serial Enumeration / Volume No. Total Checkouts Date last seen Bill Date Koha item type
    Dewey Decimal Classification     PIET NCR College Library PIET NCR College Library Periodical Section 16/02/2023 Vol 53, No 4   16/02/2023 16/02/2023 Periodicals
    Dewey Decimal Classification     PIET NCR College Library PIET NCR College Library Periodical Section 20/05/2023 Vol, 52, No. 2   20/05/2023   Periodicals
    Dewey Decimal Classification     PIET NCR College Library PIET NCR College Library Periodical Section 20/05/2023 Vol, 52, No. 3   20/05/2023   Periodicals
    Dewey Decimal Classification     PIET NCR College Library PIET NCR College Library Periodical Section 20/05/2023 Vol 52, No 4   20/05/2023   Periodicals
    Dewey Decimal Classification     PIET NCR College Library PIET NCR College Library Periodical Section 20/05/2023 Vo. 53, No. 1   20/05/2023   Periodicals
    Dewey Decimal Classification     PIET NCR College Library PIET NCR College Library Periodical Section 20/05/2023 Vol.53, No. 2   20/05/2023   Periodicals
    Dewey Decimal Classification     PIET NCR College Library PIET NCR College Library Periodical Section 20/05/2023 Vol.53, No. 3   20/05/2023   Periodicals

Design & Developed by: PIET Central Library
R70 Miles Stone Pattikalyana Samalkha Panipat 132102
mail ID :- [email protected], Phone No:- 0180-2569700 Ex.216